000 00896nam a2200265 i 4500
001 104972
003 ES-MaACL
005 20250221134934.0
007 t|
008 060601s1964 sp ||||1| spa d
080 _a75 Illana, Rafael (083.82)
100 1 _aIllana, Rafael.
_965182
245 1 0 _aRafael Illana
_b: [exposición, Festivales de España, 1964] /
_c[Texto: Rafael Manzano].
260 _a[Madrid] :
_bPublicaciones Españolas,
_c[1964]
300 _a[16] p. :
_bil. ;
_c23 cm.
490 1 _aCuadernos de arte. Serie divulgación ;
_v6
600 0 4 _aIllana, Rafael
_965182
655 7 _2tgfbne
_9193628
_aCatálogos de exposiciones
700 1 _aManzano, Rafael.
_976222
710 2 _aFestivales de España.
_94125
830 0 _aCuadernos de arte. Serie divulgación ;
_v6
_9184876
852 _aES-MaACL
_j2204-F-3
_bR.137514
942 _2udc
999 _c104972
_d104972